000 00569nam a2200205Ia 4500
005 20250923145623.0
008 008 250917s9999 xx 000 0 eng d
037 _aTextual
040 _aDSWL
_beng
_cDSWL
041 _aeng
_2eng
084 _aX.2'N6:g, N80
_qDSWL
100 _aJha, P.S.
_9837251
245 0 _aIndian : A political economy of stagnation
_c by P.S.Jha
260 _aDelhi
_bOxford
_c1980
300 _axv,311 p.
365 _aINR
_b72.00
925 _g72.00
942 _cTEXL
_hX.2'N6:g, N80
999 _c1453568
_d1453568